Catálogo

Vista normal Vista MARC

Entrada Personal Name

Número de registros utilizados en: 1

001 - CONTROL NUMBER

  • control field: 7952

003 - CONTROL NUMBER IDENTIFIER

  • control field: DLC

005 - DATE AND TIME OF LATEST TRANSACTION

  • control field: 20180831102904.0

008 - FIXED-LENGTH DATA ELEMENTS

  • fixed length control field: 921029n| acannaab| |n aaa |||

010 ## - LIBRARY OF CONGRESS CONTROL NUMBER

  • LC control number: n 92106253

040 ## - CATALOGING SOURCE

  • Original cataloging agency: DLC
  • Transcribing agency: Mx-PuUPA
  • Modifying agency: Mx-PuUPA

100 10 - HEADING--PERSONAL NAME

  • Personal name: Yarnal, Brent

670 ## - SOURCE DATA FOUND

  • Source citation: His Synoptic climatology ... 1993:
  • Information found: CIP t.p. (Brent Yarnal)

670 ## - SOURCE DATA FOUND

  • Source citation: Biblioteca del congreso (Estados Unidos), 31 agosto 2018:
  • Information found: catálogo electrónico
  • Uniform Resource Identifier: https://goo.gl/fBkQAt